000 00431pab a2200145 454500
008 180718b2016 xxu||||| |||| 00| 0 eng d
100 _aFourie, Pieter
245 _aIt sells, but it does not fly': an early assessment of the 2030 agenda for sustainable development
260 _c2016
300 _ap.274-279.
650 _aSustainable development
700 _aO'Manique, Colleen
773 _aDevelopment
909 _a116473
999 _c116467
_d116467